Sistema de administración del abastecimiento de equipos

Tallennettuna:
Bibliografiset tiedot
Päätekijä: Córdoba Rodríguez, Adolfo
Muut tekijät: Osborne Guell, Gustavo
Aineistotyyppi: Kirja
Julkaistu: [San José , Costa Rica] 1994
Aiheet:
Tagit: Lisää tagi
Ei tageja, Lisää ensimmäinen tagi!

MARC

LEADER 00000nam a2200000Ia 4500
003 007451
005 20221231144303.0
008 140114s1994 cr a m 000 ||s d
040 |c cru CEDI 
090 |a TFG 3161 
100 |a Córdoba Rodríguez, Adolfo  |9 11284 
245 |a Sistema de administración del abastecimiento de equipos 
260 |c 1994  |a [San José , Costa Rica] 
300 |a  x, [259] hojas : ilustraciones ; 27 cm.  
500 |a  Proyecto de graduacion (licenciatura en ingenieria industrial)--Universidad de Costa Rica. Facultad de Ingeniería. Escuela de Ingenieria Industrial 
650 |x CAJA COSTARRICENSE DE SEGURO SOCIAL (SAN JOSE) - EQUIPO Y ACCESORIOS  |9 11286 
700 |9 11285  |a Osborne Guell, Gustavo 
942 |c TFG  |2 ddc 
999 |c 19611  |d 19611